000 00458nam a2200181Ia 4500
003 GCL
008 140319s9999 xx 000 0 ara d
040 _aGCL /
_cGCL
082 0 4 _a813.03
_bى ف
100 1 _aيحيى حقى
245 1 0 _aقنديل ام هاشم /
_cيحيى حقى
300 _a112
490 _a
650 0 4 _aالادب العربى
650 0 4 _aالعصر الحديث
650 0 4 _aالقصص العربية
942 _2ddc
_cBK
999 _c43636
_d43636